| 000 | 01270nam a2200289 a 4500 | ||
|---|---|---|---|
| 001 | BRCA_1737 | ||
| 005 | 20190320203528.0 | ||
| 008 | 070221s2005 mx-a---##b---#000-0#spa-c | ||
| 020 | _a9687669160 | ||
| 040 |
_aIXA _cIXA _dEL |
||
| 050 | 4 |
_aZ885.G95 _b.J69 2005 |
|
| 245 | 1 | 0 |
_aJoyas bibliográficas de la Biblioteca Pública del Estado de Jalisco _ccoordinadora Carmen Castañeda. |
| 250 | _a2 | ||
| 260 |
_aGuadalajara, México _bUniversidad de Guadalajara _c2005 |
||
| 300 |
_a141 p. _bil. a color _c30 cm. |
||
| 500 | _aCatálogo de la exposición realizada en el Museo del Periodismo y las Artes Gráficas (México), diciembre 1997 | ||
| 500 | _aIncluye índice de autores, índice de lugares de impresión, índice de impresores e imprentas y glosario | ||
| 500 | _a2do. ejemplar en el Área de Investigación | ||
| 504 | _aBibliografía : p. 133-135 | ||
| 610 | 2 | 4 |
_aBiblioteca Pública del Estado de Jalisco (México) _vExposiciones _95421 |
| 650 | 1 | 4 |
_aLibros raros _vBibliografía _zMéxico _95422 |
| 650 | 1 | 4 |
_aPrimeros libros impresos _vBibliografía _zMéxico _95423 |
| 651 | 4 |
_aMéxico _vBibliografía _xImprenta _95424 |
|
| 653 | 0 | _aColección Biblioteca Pública del Estado de Jalisco | |
| 700 | 1 |
_aCastañeda García, Carmen _95425 |
|
| 942 |
_2lcc _cB |
||
| 999 |
_c1522 _d1522 |
||